Classifica Scarpa d'Oro 2006 - Statistics

Statistiche generali
  • Questo quiz è stato fatto 22 volte
  • Il punteggio medio è 11 su 17
Statistiche sulle risposte
Gol Coefficiente UEFA Punti Nazione Squadra Calciatore % Corretto
31 x2 62 Italia Fiorentina Luca Toni
100%
26 x2 52 Camerun Barcellona Samuel Eto' o
100%
27 x2 54 Francia Arsenal Thierry Henry
100%
19 x2 38 Ucraina Milan Andrij Ševčenko
95%
23 x2 46 Francia Juventus David Trezeguet
95%
19 x2 38 Italia Livorno Cristiano Lucarelli
91%
21 x2 42 Paesi Bassi Manchester United Ruud van Nistelrooy
82%
22 x2 44 Honduras Cagliari David Suazo
77%
25 x2 50 Spagna Valencia David Villa
77%
25 x2 50 Germania Werder Brema Miroslav Klose
59%
21 x2 42 Bulgaria Bayer Leverkusen Dimitar Berbatov
55%
19 x2 38 Italia Empoli Francesco Tavano
50%
33 x1,5 49,5 Paesi Bassi Heerenveen / Ajax Klaas Jan Huntelaar
50%
21 x2 42 Portogallo Paris Saint-Germain Pauleta
32%
20 x2 40 Turchia Eintracht Francoforte Halil Altıntop
5%
32 x1,5 48 Scozia Kilmarnock / Rangers Kris Boyd
0%
41 x1 41 Estonia TVMK Tallinn Tarmo Neemelo
0%
Nessun quiz corrispondente trovato
Distribuzione punteggi
Percentuale di utenti per punteggio
Percentile per numero di risposta
I tuoi punteggi nel tempo
Non hai fatto questo quiz